<?xml version="1.0" encoding="UTF-8"?>
<marc:record xmlns:marc="http://www.loc.gov/MARC21/slim">
   <marc:leader>00000nam a2200000 a 4500</marc:leader>
   <marc:datafield ind1="1" ind2=" " tag="100">
      <marc:subfield code="a">Chapman, Linda</marc:subfield>
      <marc:subfield code="4">aut</marc:subfield>
      <marc:subfield code="e">Verfasser/-in</marc:subfield>
   </marc:datafield>
   <marc:datafield ind1="1" ind2=" " tag="100">
      <marc:subfield code="a">Weatherly, Lee</marc:subfield>
      <marc:subfield code="4">aut</marc:subfield>
      <marc:subfield code="e">Verfasser/-in</marc:subfield>
   </marc:datafield>
   <marc:datafield ind1="1" ind2=" " tag="100">
      <marc:subfield code="a">S. : Ill.</marc:subfield>
      <marc:subfield code="4">aut</marc:subfield>
      <marc:subfield code="e">Verfasser/-in</marc:subfield>
   </marc:datafield>
   <marc:datafield ind1="1" ind2=" " tag="100">
      <marc:subfield code="a">Grubing, Timo</marc:subfield>
   </marc:datafield>
   <marc:datafield ind1="1" ind2=" " tag="100">
      <marc:subfield code="a">Spangler, Bettina</marc:subfield>
   </marc:datafield>
   <marc:datafield ind1="0" ind2="0" tag="245">
      <marc:subfield code="a">Schattenwald-Geheimnisse Nr.1</marc:subfield>
   </marc:datafield>
   <marc:datafield ind1="0" ind2="0" tag="245">
      <marc:subfield code="b">Wald der tausend Augen ; [Bd. 1]</marc:subfield>
   </marc:datafield>
   <marc:datafield ind1="0" ind2="0" tag="245">
      <marc:subfield code="c">Linda Chapman ; Lee Weatherly. Mit Ill. von Timo Grubing. Aus dem Engl. von Bettina Spangler</marc:subfield>
   </marc:datafield>
   <marc:datafield ind1=" " ind2="1" tag="264">
      <marc:subfield code="a">München</marc:subfield>
      <marc:subfield code="b">cbj Verlag</marc:subfield>
      <marc:subfield code="c">2012</marc:subfield>
   </marc:datafield>
   <marc:datafield ind1="1" ind2=" " tag="520">
      <marc:subfield code="a">Sophie und ihr Zwillingsbruder Anthony wohnen vorübergehend bei ihrem Großvater. Am liebsten spielt sie mit Sam, während Anthony mit Großvater unterwegs ist. Sie glaubt nicht ernsthaft an die alten Legenden um den Schattenwald, der auch Wald der tausend Augen genannt wird. Trotzdem spielt sie nur selten im Wald. Aber an ihrem zehnten Geburtstag erfährt Sophie von ihrem Großvater ein unglaubliches Geheimnis. In der Schattenwelt leben unheimliche Wesen, Tintenkappenkobolde, Sumpfschnecken, Fledermaus-Elfen und Nebelzwerge und sie, Sophie, ist die neue Wächterin des Schlüssels zum Tor in diese Schattenwelt. Doch wird sie dieser schwierigen Aufgabe gewachsen sein? Zu allem Übel trifft noch das Schlimmste ein, der Schlüssel ist weg. Jungs und Mädchen lesen dieses Buch gerne, es ist das erste aus dieser Fantasy-Reihe. Angenehm zu lesen und liebevoll illustriert. Fantastische Bilder und eine kleine Eule begleiten die LeserInnen durch das Buch.(ab 10)  *LHW.Lesen.Hören.Wissen*  Isabella Costantini</marc:subfield>
   </marc:datafield>
   <marc:datafield ind1=" " ind2=" " tag="020">
      <marc:subfield code="a">9783570153680</marc:subfield>
      <marc:subfield code="9">9783570153680</marc:subfield>
   </marc:datafield>
   <marc:datafield ind1=" " ind2=" " tag="041">
      <marc:subfield code="a">ger</marc:subfield>
   </marc:datafield>
   <marc:datafield ind1="0" ind2=" " tag="490">
      <marc:subfield code="v">1</marc:subfield>
   </marc:datafield>
   <marc:datafield ind1="1" ind2=" " tag="521">
      <marc:subfield code="a">0</marc:subfield>
   </marc:datafield>
   <marc:datafield ind1=" " ind2=" " tag="300">
      <marc:subfield code="a">108 S. : Ill.</marc:subfield>
   </marc:datafield>
</marc:record>
